[Event "18th Chefchaouen Open 2019"]
[Site "Chefchaouen"]
[Date "2019.07.19"]
[Round "7.6"]
[White "Fellousi, Abdelaziz"]
[Black "Duzhakov, Ilya"]
[Result "0-1"]
[WhiteElo "2100"]
[BlackElo "2383"]
[Annotator "ChessBase"]
[PlyCount "92"]
[EventDate "2019.07.15"]
[EventType "swiss"]
[EventCountry "MAR"]
[SourceTitle "playchess.com"]
[Source "ChessBase"]
[SourceQuality "1"]
[TimeControl "5400+30"]

1. e4 {[%emt 1:30:30]} e6 {[%emt 0:00:13]} 2. d4 {[%emt 0:00:00]} d5 {[%emt 0:00:09]} 3. Nc3 {[%emt 0:00:00]} Bb4 {[%emt 0:01:08]} 4. exd5 {[%emt 0:00:00]} exd5 {[%emt 0:00:18]} 5. Bd3 {[%emt 0:00:00]} c6 {[%emt 0:01:24]} 6. Nge2 {[%emt 0:00:00]} Nf6 {[%emt 0:00:31]} 7. O-O {[%emt 0:00:00]} O-O {[%emt 0:00:21]} 8. a3 {[%emt 0:00:00]} Bd6 {[%emt 0:01:38]} 9. h3 {[%emt 0:00:00]} Re8 {[%emt 0:04:28]} 10. Bg5 {[%emt 0:00:00]} h6 {[%emt 0:03:08]} 11. Bh4 {[%emt 0:00:00]} Nbd7 {[%emt 0:00:56]} 12. Qd2 {[%emt 0:00:00]} Nf8 {[%emt 0:01:03]} 13. Bg3 {[%emt 0:00:00]} Ne4 {[%emt 0:13:28]} 14. Bxe4 {[%emt 0:00:00]} dxe4 {[%emt 0:00:44]} 15. d5 {[%emt 0:00:00]} Bxg3 {[%emt 0:09:01]} 16. Nxg3 {[%emt 0:00:00]} cxd5 {[%emt 0:03:57]} 17. Qxd5 {[%emt 0:00:00]} Qxd5 {[%emt 0:00:11]} 18. Nxd5 {[%emt 0:00:00]} Re5 {[%emt 0:00:10]} 19. Rad1 {[%emt 0:00:00]} Bd7 {[%emt 0:20:32]} 20. Rfe1 {[%emt 0:00:00]} Rae8 {[%emt 0:00:46]} 21. Rd4 {[%emt 0:00:00]} f5 {[%emt 0:04:14]} 22. Ne2 {[%emt 0:00:00]} Rc8 {[%emt 0:14:22]} 23. Nec3 {[%emt 0:00:00]} Bc6 {[%emt 0:01:50]} 24. Nb4 {[%emt 0:00:00]} Rc5 {[%emt 0:10:02]} 25. Red1 {[%emt 0:00:00]} Kf7 {[%emt 0:01:43]} 26. Nxc6 {[%emt 0:00:00]} R8xc6 {[%emt 0:00:12]} 27. Kf1 {[%emt 0:00:26]} a5 {[%emt 0:02:08]} 28. g4 {[%emt 0:04:26]} g6 {[%emt 0:00:30]} 29. gxf5 {[%emt 0:00:08]} gxf5 {[%emt 0:00:02]} 30. Rd6 {[%emt 0:01:40]} Ke7 {[%emt 0:00:44]} 31. Rxc6 {[%emt 0:00:29]} bxc6 {[%emt 0:00:03]} 32. Ke2 {[%emt 0:00:53]} Ne6 {[%emt 0:00:23]} 33. Ke3 {[%emt 0:03:19]} Rc4 {[%emt 0:00:02]} 34. f4 {[%emt 0:00:36]} exf3 {[%emt 0:00:15]} 35. Kxf3 {[%emt 0:00:03]} Ng5+ {[%emt 0:01:12]} 36. Kg2 {[%emt 0:00:01]} h5 {[%emt 0:01:56]} 37. Rd3 {[%emt 0:02:07]} h4 {[%emt 0:00:07]} 38. Rd2 {[%emt 0:02:57]} f4 {[%emt 0:00:34]} 39. Nd1 {[%emt 0:00:51]} f3+ {[%emt 0:00:24]} 40. Kh2 {[%emt 0:00:18]} Ne4 {[%emt 0:00:04]} 41. b3 {[%emt 0:00:47]} Nxd2 {[%emt 0:00:31]} 42. bxc4 {[%emt 0:00:04]} Nxc4 {[%emt 0:00:03]} 43. a4 {[%emt 0:00:45]} Ke6 {[%emt 0:00:37]} 44. Kg1 {[%emt 0:00:49]} Ke5 {[%emt 0:00:11]} 45. Kf2 {[%emt 0:00:13]} Kf4 {[%emt 0:00:02]} 46. Nc3 {[%emt 0:00:55]} Nd6 {[%emt 0:06:43]} 0-1

[Event "18th Chefchaouen Open 2019"]
[Site "Chefchaouen"]
[Date "2019.07.20"]
[Round "8.1"]
[White "Levin, Evgeny A."]
[Black "Korneev, Oleg"]
[Result "1/2-1/2"]
[WhiteElo "2504"]
[BlackElo "2523"]
[Annotator "TA"]
[PlyCount "27"]
[EventDate "2019.07.15"]
[EventType "swiss"]
[EventCountry "MAR"]
[SourceTitle "playchess.com"]
[Source "ChessBase"]
[SourceQuality "1"]

{[%evp 26,27,19,0]} 1. d4 d5 2. c4 e6 3. Nf3 Nf6 4. g3 Be7 5. Bg2 O-O 6. O-O dxc4 7. Qc2 a6 8. Qxc4 b5 9. Qc2 Bb7 10. Bd2 Be4 11. Qc1 Bb7 $146 ({Predecessor:} 11... c6 12. a4 Nbd7 13. Nc3 Bg6 14. Nh4 Bh5 15. Bf3 b4 16. Na2 Bxf3 17. Nxf3 c5 18. Rd1 a5 19. dxc5 Bxc5 {1-0 (48) Yu,Y (2784)-Wang,H (2795) Hengshui 2019}) 12. Qc2 Be4 13. Qc1 Bb7 14. Qc2 1/2-1/2

[Event "18th Chefchaouen Open 2019"]
[Site "Chefchaouen"]
[Date "2019.07.20"]
[Round "8.2"]
[White "Flom, Gabriel"]
[Black "Buscara, Sevan"]
[Result "0-1"]
[WhiteElo "2494"]
[BlackElo "2404"]
[Annotator "ChessBase"]
[PlyCount "228"]
[EventDate "2019.07.15"]
[EventType "swiss"]
[EventCountry "MAR"]
[SourceTitle "playchess.com"]
[Source "ChessBase"]
[SourceQuality "1"]
[TimeControl "5400+30"]

1. d4 {[%emt 0:00:00]} d5 {[%emt 0:00:00]} 2. c4 {[%emt 0:00:00]} c6 {[%emt 0:00:00]} 3. Nc3 {[%emt 0:00:00]} Nf6 {[%emt 0:00:06]} 4. Nf3 {[%emt 0:00:23]} dxc4 {[%emt 0:00:30]} 5. a4 {[%emt 0:00:06]} Bf5 {[%emt 0:00:16]} 6. Ne5 {[%emt 0:00:08]} Nbd7 {[%emt 0:00:29]} 7. Nxc4 {[%emt 0:00:21]} Nb6 {[%emt 0:00:18]} 8. Ne5 {[%emt 0:00:39]} a5 {[%emt 0:00:17]} 9. e3 {[%emt 0:02:39]} g6 {[%emt 0:09:28]} 10. Bd3 {[%emt 0:00:38]} Be6 {[%emt 0:00:43]} 11. Be2 {[%emt 0:12:55]} Bg7 {[%emt 0:00:44]} 12. e4 {[%emt 0:00:06]} O-O {[%emt 0:02:27]} 13. Be3 {[%emt 0:08:36]} Ne8 {[%emt 0:00:23]} 14. O-O {[%emt 0:01:29]} Nd6 {[%emt 0:02:48]} 15. f4 {[%emt 0:07:22]} Ndc4 {[%emt 0:06:57]} 16. Nxc4 {[%emt 0:05:14]} Bxc4 {[%emt 0:03:31]} 17. b3 {[%emt 0:04:40]} Bxe2 {[%emt 0:01:17]} 18. Nxe2 {[%emt 0:00:04]} f5 {[%emt 0:00:56]} 19. e5 {[%emt 0:00:02]} Nd5 {[%emt 0:00:28]} 20. Bd2 {[%emt 0:01:42]} e6 {[%emt 0:02:43]} 21. Qc2 {[%emt 0:00:10]} Rf7 {[%emt 0:00:28]} 22. Qc4 {[%emt 0:00:52]} Bf8 {[%emt 0:00:29]} 23. Rac1 {[%emt 0:07:37]} Rd7 {[%emt 0:01:26]} 24. Rf3 {[%emt 0:12:37]} Kh8 {[%emt 0:03:44]} 25. Be1 {[%emt 0:02:38]} Be7 {[%emt 0:01:29]} 26. h3 {[%emt 0:00:03]} g5 {[%emt 0:01:45]} 27. fxg5 {[%emt 0:02:20]} Bxg5 {[%emt 0:00:32]} 28. Rb1 {[%emt 0:00:07]} Rg7 {[%emt 0:02:26]} 29. Nc3 {[%emt 0:02:03]} Nxc3 {[%emt 0:03:35]} 30. Bxc3 {[%emt 0:00:36]} Qd7 {[%emt 0:00:30]} 31. b4 {[%emt 0:03:43]} axb4 {[%emt 0:02:25]} 32. Rxb4 {[%emt 0:03:25]} Bd8 {[%emt 0:04:19]} 33. Rb2 {[%emt 0:05:22]} Qd5 {[%emt 0:03:15]} 34. Qxd5 {[%emt 0:00:20]} cxd5 {[%emt 0:00:06]} 35. a5 {[%emt 0:01:19]} Bxa5 {[%emt 0:01:29]} 36. Bxa5 {[%emt 0:00:18]} Rxa5 {[%emt 0:00:23]} 37. Rfb3 {[%emt 0:00:06]} Ra7 {[%emt 0:02:19]} 38. Rb6 {[%emt 0:00:04]} Re7 {[%emt 0:00:15]} 39. Kf2 {[%emt 0:01:48]} Kg7 {[%emt 0:00:17]} 40. R2b5 {[%emt 0:01:21]} Kf7 {[%emt 0:01:23]} 41. Kf3 {[%emt 0:01:36]} Ra3+ {[%emt 0:01:14]} 42. Kf4 {[%emt 0:00:44]} Rd3 {[%emt 0:00:29]} 43. Rxb7 {[%emt 0:00:27]} Rxd4+ {[%emt 0:01:07]} 44. Kg5 {[%emt 0:03:41]} h6+ {[%emt 0:01:03]} 45. Kxh6 {[%emt 0:00:01]} Re4 {[%emt 0:00:14]} 46. Rxe7+ {[%emt 0:00:33]} Kxe7 {[%emt 0:00:06]} 47. Rb7+ {[%emt 0:00:11]} Kd8 {[%emt 0:02:57]} 48. Kg6 {[%emt 0:00:51]} Rxe5 {[%emt 0:01:53]} 49. h4 {[%emt 0:01:49]} Re2 {[%emt 0:01:48]} 50. g4 {[%emt 0:04:44]} fxg4 {[%emt 0:03:27]} 51. h5 {[%emt 0:00:01]} Rh2 {[%emt 0:01:13]} 52. Rb3 {[%emt 0:02:41]} Rh3 {[%emt 0:02:24]} 53. Rb1 {[%emt 0:00:02]} Ke7 {[%emt 0:03:53]} 54. h6 {[%emt 0:00:20]} d4 {[%emt 0:00:45]} 55. h7 {[%emt 0:02:43]} Kd6 {[%emt 0:01:36]} 56. Rb6+ {[%emt 0:00:35]} Kd7 {[%emt 0:13:11]} 57. Kg7 {[%emt 0:00:03]} g3 {[%emt 0:00:58]} 58. Kh8 {[%emt 0:03:31]} g2 {[%emt 0:01:59]} 59. Rb7+ {[%emt 0:00:03]} Kd6 {[%emt 0:00:14]} 60. Rg7 {[%emt 0:00:01]} e5 {[%emt 0:00:43]} 61. Rxg2 {[%emt 0:00:18]} e4 {[%emt 0:00:38]} 62. Kg7 {[%emt 0:01:09]} e3 {[%emt 0:00:26]} 63. Rg6+ {[%emt 0:00:11]} Kd5 {[%emt 0:01:04]} 64. Rh6 {[%emt 0:00:02]} Rxh6 {[%emt 0:00:33]} 65. Kxh6 {[%emt 0:00:03]} e2 {[%emt 0:00:10]} 66. h8=Q {[%emt 0:00:01]} e1=Q {[%emt 0:00:11]} 67. Qa8+ {[%emt 0:00:12]} Kc4 {[%emt 0:00:41]} 68. Qa6+ {[%emt 0:00:06]} Kb3 {[%emt 0:00:14]} 69. Qb5+ {[%emt 0:02:10]} Qb4 {[%emt 0:00:23]} 70. Qd3+ {[%emt 0:00:12]} Qc3 {[%emt 0:00:32]} 71. Qb5+ {[%emt 0:00:02]} Kc2 {[%emt 0:00:07]} 72. Qa4+ {[%emt 0:00:18]} Kc1 {[%emt 0:00:17]} 73. Qa7 {[%emt 0:00:53]} d3 {[%emt 0:00:19]} 74. Qg1+ {[%emt 0:00:05]} Kb2 {[%emt 0:00:41]} 75. Qb6+ {[%emt 0:00:05]} Qb3 {[%emt 0:02:06]} 76. Qd4+ {[%emt 0:00:19]} Qc3 {[%emt 0:01:10]} 77. Qb6+ {[%emt 0:00:09]} Kc2 {[%emt 0:00:55]} 78. Qg6 {[%emt 0:00:01]} Qc5 {[%emt 0:00:40]} 79. Kh7 {[%emt 0:01:08]} Qd5 {[%emt 0:01:27]} 80. Kh8 {[%emt 0:01:38]} Kc3 {[%emt 0:00:25]} 81. Qg3 {[%emt 0:00:37]} Kc4 {[%emt 0:03:15]} 82. Qc7+ {[%emt 0:00:15]} Kd4 {[%emt 0:00:05]} 83. Qf4+ {[%emt 0:01:04]} Qe4 {[%emt 0:00:15]} 84. Qd6+ {[%emt 0:01:21]} Ke3 {[%emt 0:00:07]} 85. Qg3+ {[%emt 0:00:12]} Qf3 {[%emt 0:00:11]} 86. Qe1+ {[%emt 0:00:41]} Qe2 {[%emt 0:00:41]} 87. Qg3+ {[%emt 0:00:05]} Ke4 {[%emt 0:00:26]} 88. Qh4+ {[%emt 0:01:06]} Ke3 {[%emt 0:00:44]} 89. Qg5+ {[%emt 0:00:46]} Kf2 {[%emt 0:00:08]} 90. Qf4+ {[%emt 0:00:41]} Kg1 {[%emt 0:00:07]} 91. Qd4+ {[%emt 0:00:17]} Kg2 {[%emt 0:00:23]} 92. Qd5+ {[%emt 0:00:29]} Qf3 {[%emt 0:00:33]} 93. Qg5+ {[%emt 0:00:30]} Kh3 {[%emt 0:00:56]} 94. Qh6+ {[%emt 0:00:19]} Kg3 {[%emt 0:00:14]} 95. Qg5+ {[%emt 0:00:56]} Kh2 {[%emt 0:00:33]} 96. Qd2+ {[%emt 0:00:27]} Kh1 {[%emt 0:00:20]} 97. Qh6+ {[%emt 0:00:24]} Kg1 {[%emt 0:00:09]} 98. Qg5+ {[%emt 0:00:29]} Kf1 {[%emt 0:00:14]} 99. Qc1+ {[%emt 0:00:19]} Ke2 {[%emt 0:00:06]} 100. Qc4 {[%emt 0:00:05]} Qh5+ {[%emt 0:00:43]} 101. Kg8 {[%emt 0:00:32]} Ke3 {[%emt 0:01:09]} 102. Qe6+ {[%emt 0:01:10]} Kd4 {[%emt 0:00:43]} 103. Qb6+ {[%emt 0:00:13]} Qc5 {[%emt 0:00:05]} 104. Qf6+ {[%emt 0:00:31]} Qe5 {[%emt 0:00:05]} 105. Qb6+ {[%emt 0:00:52]} Ke4 {[%emt 0:00:08]} 106. Qb4+ {[%emt 0:00:26]} Kf5 {[%emt 0:00:17]} 107. Qb1 {[%emt 0:00:12]} Kf6 {[%emt 0:01:22]} 108. Qf1+ {[%emt 0:00:24]} Qf5 {[%emt 0:00:02]} 109. Qa1+ {[%emt 0:00:08]} Kg6 {[%emt 0:01:02]} 110. Qg1+ {[%emt 0:01:25]} Qg5 {[%emt 0:01:06]} 111. Qd4 {[%emt 0:00:22]} d2 {[%emt 0:00:29]} 112. Qd6+ {[%emt 0:00:36]} Kf5+ {[%emt 0:00:23]} 113. Kf7 {[%emt 0:00:16]} Qh5+ {[%emt 0:00:10]} 114. Kg7 {[%emt 0:00:07]} d1=Q {[%emt 0:00:36]} 0-1

[Event "18th Chefchaouen Open 2019"]
[Site "Chefchaouen"]
[Date "2019.07.20"]
[Round "8.3"]
[White "Ameir, Moheb"]
[Black "Akhrof, Lissandine"]
[Result "1-0"]
[WhiteElo "2328"]
[BlackElo "2153"]
[Annotator "NA"]
[PlyCount "59"]
[EventDate "2019.07.15"]
[EventType "swiss"]
[EventCountry "MAR"]
[SourceTitle "playchess.com"]
[Source "ChessBase"]
[SourceQuality "1"]
[TimeControl "5400+30"]

1. e4 {[%emt 0:12:27]} e5 {[%emt 0:00:00]} 2. Nf3 {[%emt 0:00:15]} Nc6 {[%emt 0:00:23]} 3. d4 {[%emt 0:00:08]} exd4 {[%emt 0:00:41]} 4. Bc4 {[%emt 0:00:07]} Nf6 {[%emt 0:00:44]} 5. e5 {[%emt 0:00:07]} d5 {[%emt 0:00:40]} 6. Bb5 {[%emt 0:00:02]} Ne4 {[%emt 0:00:18]} 7. Nxd4 {[%emt 0:00:02]} Bd7 {[%emt 0:00:29]} 8. Bxc6 {[%emt 0:00:03]} bxc6 {[%emt 0:00:15]} 9. O-O {[%emt 0:00:07]} Bc5 {[%emt 0:00:54]} 10. f3 {[%emt 0:00:20]} Ng5 {[%emt 0:00:12]} 11. f4 {[%emt 0:00:06]} Ne4 {[%emt 0:00:23]} 12. Be3 {[%emt 0:00:10]} Qe7 {[%emt 0:01:07] C56: Two Knights: 4 d4 exd4 5 0-0 Nxe4} 13. Nd2 {[%emt 0:01:21]} f5 {[%emt 0:01:13]} 14. Nxe4 {[%emt 0:15:44]} fxe4 {[%emt 0:00:25]} 15. Qd2 {[%emt 0:03:09]} Bb6 {[%emt 0:04:53]} 16. Nb3 {[%emt 0:03:12]} g5 {[%emt 0:02:37]} 17. Qc3 {[%emt 0:20:49]} O-O {[%emt 0:04:02]} 18. fxg5 {[%emt 0:06:08]} Qxg5 {[%emt 0:04:02]} 19. Nc5 {[%emt 0:00:43]} Qe7 {[%emt 0:08:38]} 20. Rf6 $146 {[%emt 0:00:44]} ({Predecessor:} 20. Bd4 Bf5 21. Rf2 Bg6 {½-½ (60) Bibko,I (2310)-Obukhov,A (2485) Novosibirsk 2002}) 20... Rxf6 {[%emt 0:11:34]} 21. exf6 {[%emt 0:00:18]} Qd6 {[%emt 0:00:39] [#]} 22. Rf1 $1 {[%emt 0:05:45]} Kf7 $18 {[%emt 0:02:52]} (22... Be8 {is more resistant.} 23. b4 Bf7) 23. Nxd7 {[%emt 0:05:04]} Qxd7 {[%emt 0:00:27]} 24. Bxb6 {[%emt 0:00:18]} cxb6 {[%emt 0:05:06]} 25. Qe5 {[%emt 0:00:05]} Rf8 {[%emt 0:05:17]} 26. Rf4 {[%emt 0:03:38]} Kg8 {[%emt 0:03:48]} 27. Qg5+ {[%emt 0:08:27]} Kf7 {[%emt 0:04:35]} 28. Qg7+ {[%emt 0:00:25]} Ke8 {[%emt 0:00:14]} 29. f7+ {[%emt 0:00:03]} Ke7 {[%emt 0:00:09]} 30. Qf6# {[%emt 0:00:02]} 1-0

[Event "18th Chefchaouen Open 2019"]
[Site "Chefchaouen"]
[Date "2019.07.20"]
[Round "8.4"]
[White "Karpatchev, Aleksandr"]
[Black "Elomari, Anas"]
[Result "1-0"]
[WhiteElo "2445"]
[BlackElo "2122"]
[Annotator "NA"]
[PlyCount "77"]
[EventDate "2019.07.15"]
[EventType "swiss"]
[EventCountry "MAR"]
[SourceTitle "playchess.com"]
[Source "ChessBase"]
[SourceQuality "1"]
[TimeControl "5400+30"]

1. e4 {[%emt 0:00:00]} Nf6 {[%emt 0:00:00]} 2. e5 {[%emt 0:00:15]} Nd5 {[%emt 0:00:08]} 3. c4 {[%emt 0:00:09]} Nb6 {[%emt 0:00:11]} 4. c5 {[%emt 0:00:04]} Nd5 {[%emt 0:00:42]} 5. Nc3 {[%emt 0:00:03]} Nxc3 {[%emt 0:00:25]} 6. dxc3 {[%emt 0:04:22]} Nc6 {[%emt 0:07:49]} 7. Bf4 {[%emt 0:05:27] B02: Alekhine's Defence: Chase Variation and lines with early Nc3} b6 {[%emt 0:06:53]} 8. Bc4 $146 {[%emt 0:05:49]} ({Predecessor:} 8. cxb6 axb6 9. Bc4 e6 10. Qg4 g5 11. Qxg5 Qxg5 12. Bxg5 Rg8 13. Bf6 Rxg2 14. Nh3 Bb7 {0-1 (33) Navarro Segura,R (2292)-Almeida Quintana,O (2473) Merida 2001}) 8... Bb7 {[%emt 0:07:39]} 9. Nf3 {[%emt 0:04:38]} e6 {[%emt 0:01:05]} 10. Qe2 {[%emt 0:04:11]} Be7 {[%emt 0:07:49]} 11. h4 {[%emt 0:02:00]} h6 {[%emt 0:05:35]} 12. h5 {[%emt 0:01:13]} bxc5 {[%emt 0:00:35]} 13. Rh3 {[%emt 0:03:56]} Qb8 {[%emt 0:09:32]} 14. Rg3 {[%emt 0:01:08]} Bf8 {[%emt 0:00:16]} 15. Bd3 {[%emt 0:04:47]} a5 {[%emt 0:00:34]} 16. Rd1 {[%emt 0:01:54]} Qa7 {[%emt 0:01:00]} 17. Bb5 {[%emt 0:03:46]} a4 {[%emt 0:02:06]} 18. Qd3 {[%emt 0:07:42]} O-O-O {[%emt 0:02:24]} 19. a3 {[%emt 0:03:05]} Nb8 $16 {[%emt 0:05:58]} (19... Qa5 $11) 20. Qc2 {[%emt 0:05:19]} Bc6 {[%emt 0:00:24]} 21. Bxc6 {[%emt 0:02:20]} Nxc6 {[%emt 0:00:02]} 22. Rg4 {[%emt 0:00:20]} d5 {[%emt 0:08:57]} 23. Be3 {[%emt 0:05:12]} Qb7 {[%emt 0:11:33]} 24. Qxa4 {[%emt 0:00:50]} Nb8 {[%emt 0:06:04]} 25. b4 {[%emt 0:07:13]} Qa6 {[%emt 0:02:48]} 26. Qc2 {[%emt 0:02:45]} c4 {[%emt 0:00:04]} 27. a4 {[%emt 0:00:56]} Nd7 {[%emt 0:00:27]} 28. a5 {[%emt 0:01:05]} c6 {[%emt 0:01:05]} 29. Rb1 {[%emt 0:02:11]} Kc7 {[%emt 0:00:17]} 30. Rf4 {[%emt 0:03:52]} f6 {[%emt 0:04:42]} 31. Nd4 {[%emt 0:03:27]} Re8 {[%emt 0:01:40]} 32. b5 {[%emt 0:00:23]} cxb5 {[%emt 0:01:12]} 33. Nxb5+ {[%emt 0:00:08]} Kd8 {[%emt 0:00:09]} 34. Bb6+ {[%emt 0:03:36]} Nxb6 {[%emt 0:00:34]} 35. axb6 {[%emt 0:00:02]} Qxb6 {[%emt 0:05:29]} 36. Nd6 {[%emt 0:03:34]} Qc7 {[%emt 0:00:03]} 37. Qa4 {[%emt 0:01:36]} Bxd6 {[%emt 0:00:34]} 38. exd6 {[%emt 0:00:07]} Qxd6 {[%emt 0:00:21]} 39. Rb7 {[%emt 0:00:19]} 1-0

[Event "18th Chefchaouen Open 2019"]
[Site "Chefchaouen"]
[Date "2019.07.20"]
[Round "8.6"]
[White "Benaddi, Mouhcine"]
[Black "Gorbatov, Alexej"]
[Result "0-1"]
[WhiteElo "2111"]
[BlackElo "2374"]
[Annotator "NA"]
[PlyCount "99"]
[EventDate "2019.07.15"]
[EventType "swiss"]
[EventCountry "MAR"]
[SourceTitle "playchess.com"]
[Source "ChessBase"]
[SourceQuality "1"]
[TimeControl "5400+30"]

1. d4 {[%emt 0:01:34]} Nf6 {[%emt 0:00:00]} 2. Nf3 {[%emt 0:00:07]} e6 {[%emt 0:00:17]} 3. g3 {[%emt 0:00:20]} b5 {[%emt 0:00:55]} 4. Bg2 {[%emt 0:00:08]} Bb7 {[%emt 0:00:03]} 5. O-O {[%emt 0:00:08]} c5 {[%emt 0:00:09]} 6. c3 {[%emt 0:06:05]} Na6 {[%emt 0:07:53]} 7. Bg5 {[%emt 0:06:07]} Be7 {[%emt 0:02:31]} 8. Qd3 {[%emt 0:03:33] A46: 1 d4 Nf6 2 Nf3 e6: Torre, London and Colle Systems} (8. e3 O-O 9. Nbd2 h6 10. Bxf6 Bxf6 11. Qe2 Qb6 12. a4 b4 13. a5 Qc7 14. Rfc1 bxc3 15. bxc3 Rfc8 16. Ne1 Bxg2 17. Kxg2 {1-0 (55) Georgiev,K (2623)-Fedorchuk,S (2648) Riadh 2017}) 8... Qb6 {[%emt 0:03:53]} 9. Nbd2 {[%emt 0:03:30]} d5 {[%emt 0:06:17]} 10. Ne5 {[%emt 0:07:22]} cxd4 {[%emt 0:01:15]} 11. Qxd4 $146 {[%emt 0:02:19]} ({Predecessor:} 11. cxd4 Nb4 12. Qb3 Nc6 13. Ndf3 h6 14. Bf4 Na5 15. Qd3 Nc4 {1-0 (41) Kempter,R (2248)-Smirnov,A (2444) Bad Wiessee 2011}) 11... Nc5 {[%emt 0:01:17]} 12. Nd3 {[%emt 0:02:22]} Ncd7 {[%emt 0:07:32]} 13. a4 {[%emt 0:03:14]} Qxd4 {[%emt 0:09:25]} 14. cxd4 {[%emt 0:00:12]} b4 {[%emt 0:00:01]} 15. Rfe1 {[%emt 0:07:43]} Rc8 {[%emt 0:01:56]} 16. Rac1 {[%emt 0:04:38]} O-O {[%emt 0:00:18]} 17. e3 {[%emt 0:00:58]} Bc6 {[%emt 0:06:27]} 18. b3 {[%emt 0:05:27]} Bb7 {[%emt 0:00:34]} 19. Ne5 $11 {[%emt 0:04:16]} Nb8 {[%emt 0:02:07]} 20. e4 {[%emt 0:06:38]} h6 {[%emt 0:04:04]} 21. exd5 {[%emt 0:03:33]} Bxd5 {[%emt 0:03:18]} 22. Bxf6 {[%emt 0:01:48]} gxf6 {[%emt 0:02:20]} 23. Bxd5 {[%emt 0:05:50]} fxe5 {[%emt 0:02:34]} 24. Bb7 {[%emt 0:00:41]} Rxc1 {[%emt 0:04:19]} 25. Rxc1 {[%emt 0:00:01]} exd4 {[%emt 0:04:50]} 26. f4 {[%emt 0:00:52]} Rd8 {[%emt 0:03:26]} 27. Rc7 {[%emt 0:01:12]} Bd6 {[%emt 0:08:09]} 28. Rc4 {[%emt 0:00:03]} Nd7 {[%emt 0:00:52]} 29. Kf1 {[%emt 0:00:56]} d3 {[%emt 0:04:49]} 30. Ne4 {[%emt 0:07:38]} Be7 {[%emt 0:01:11]} 31. Rd4 {[%emt 0:01:46]} f5 {[%emt 0:00:22]} 32. Nd2 {[%emt 0:02:35]} Nc5 {[%emt 0:00:47]} 33. Rxd8+ {[%emt 0:00:38]} Bxd8 {[%emt 0:00:01]} 34. Bc6 {[%emt 0:00:21]} Bf6 {[%emt 0:00:20]} 35. Bb5 {[%emt 0:12:55]} Bc3 {[%emt 0:00:19]} 36. Nb1 {[%emt 0:00:00]} d2 {[%emt 0:04:16]} 37. Ke2 {[%emt 0:00:00]} Nxb3 {[%emt 0:00:12]} 38. Bc4 {[%emt 0:00:00]} Nc5 {[%emt 0:00:54]} 39. Nxd2 {[%emt 0:00:00]} Bxd2 {[%emt 0:00:07]} 40. Kxd2 {[%emt 0:00:00]} Kf7 {[%emt 0:00:02]} 41. a5 {[%emt 0:00:00]} Kf6 {[%emt 0:02:16]} 42. Ke3 {[%emt 0:00:00]} e5 {[%emt 0:00:07]} 43. fxe5+ {[%emt 0:00:00]} Kxe5 {[%emt 0:00:01]} 44. Bf7 {[%emt 0:00:00]} Nb7 {[%emt 0:00:54]} 45. a6 {[%emt 0:00:00]} Nc5 {[%emt 0:00:01]} 46. Bc4 {[%emt 0:00:00]} b3 {[%emt 0:02:23]} 47. Kd2 {[%emt 0:00:00]} Kd4 {[%emt 0:00:01]} 48. Bf1 {[%emt 0:00:00]} Ne4+ {[%emt 0:00:16]} 49. Kc1 {[%emt 0:07:00]} Kc3 {[%emt 0:00:03]} 50. Bg2 {[%emt 0:00:30]} 0-1

[Event "18th Chefchaouen Open 2019"]
[Site "Chefchaouen"]
[Date "2019.07.21"]
[Round "9.1"]
[White "Korneev, Oleg"]
[Black "Ameir, Moheb"]
[Result "1-0"]
[WhiteElo "2523"]
[BlackElo "2328"]
[Annotator "TA"]
[PlyCount "101"]
[EventDate "2019.07.15"]
[EventType "swiss"]
[EventCountry "MAR"]
[SourceTitle "playchess.com"]
[Source "ChessBase"]
[SourceQuality "1"]

{[%evp 24,101,-6,-19,45,43,16,16,119,132,129,133,216,219,216,208,197,201,213,216,256,235,231,241,229,164,152,158,154,158,148,148,208,206,199,186,197,205,264,260,261,260,285,253,288,205,494,138,151,44,138,135,137,137,210,122,248,239,238,287,329,297,331,331,491,491,489,489,489,485,666,658,1138,1109,5628,5612,5812,5716,4914,4806]} 1. e4 c5 2. Nf3 e6 3. d4 cxd4 4. Nxd4 Nc6 5. Nb5 d6 6. Bf4 e5 7. Be3 Nf6 8. Bg5 Be6 9. Bxf6 gxf6 10. Nd2 {[%cal Bb1d2,Bd2c4,Bc4e3][%mdl 32]} a6 11. Nc3 f5 12. exf5 Bxf5 13. Nc4 Nd4 {B33: Sicilian: Pelikan and Sveshnikov Variations} ({Black should play} 13... Be6 $11) 14. Ne3 $14 Be6 (14... Bg6 15. Ncd5 Bh6 16. c3 Ne6 17. Bd3 Bxe3 18. Nxe3 Qb6 19. O-O Nf4 20. Be2 {1-0 (41) Nakamura,H (2708)-Shirov,A (2723) Wijk aan Zee 2010}) 15. Bc4 {[#]} Qc7 $146 (15... Bg7 $11 {keeps the balance.}) ({Predecessor:} 15... Qg5 16. Ncd5 Rc8 17. Bb3 Nxb3 18. axb3 f5 19. g3 f4 20. h4 Qg6 21. gxf4 {0-1 (42) Adams,M (2615)-Chandler,M (2605) Hastings 1991}) 16. Ncd5 $1 $16 {[%cal Rd5c7]} Qd8 17. c3 Nc6 (17... Bg7 $16) 18. Qh5 $18 Kd7 19. O-O-O Kc8 20. f4 b5 21. Bb3 exf4 22. Nxf4 {[%mdl 64] Discovered Attack} Bxb3 23. axb3 Ra7 24. Nfd5 Kb8 25. Rhf1 Bg7 26. Rxf7 Qe8 27. Rf5 Qxh5 (27... Ne7 $16) 28. Rxh5 Be5 29. Rf1 Rg7 30. g4 Nd8 31. h4 Ne6 32. Rhf5 Bg3 33. Rf6 Re8 34. Rh6 {Black must now prevent Nf5.} Nf4 $2 (34... Nc7 35. Nf5 Rxg4) 35. Nxf4 $2 (35. Nf5 $18 {and the rest is easy.} Rg6 36. Nxf4 (36. Nxg3 Nxd5 37. Rxg6 hxg6 $18) 36... Rxh6 37. Nxh6) 35... Rxe3 $16 36. Nd5 (36. Rxd6 Rf7 $11) (36. Ne6 $16 Rd7 37. h5) 36... Re2 ({Black should try} 36... Re4 $1 $14) 37. Rf3 Be5 38. g5 Kb7 (38... a5 $16 39. Nf6 Re7) 39. Rf8 (39. Nf4 $18 Re3 40. Rxe3 Bxf4 41. Rhe6) 39... Re1+ {[#]} (39... Rh2 $16 40. Rh8 Rxg5 41. R8xh7+ (41. hxg5 Rxh6 42. gxh6 Bxh8 $11) (41. R6xh7+ Rg7 $16) 41... Rg7 42. Rxg7+ Bxg7) 40. Kd2 $1 $18 {[%cal Rd2e1]} Rh1 {[#]} 41. Rh8 $1 Kc6 42. Nb4+ {[%mdl 64] Double Attack} Kb6 43. Nd3 ({Less strong is} 43. R8xh7 Rxh7 44. Rxh7 Bf4+ 45. Kd3 Bxg5 $16) ({Weaker is} 43. R6xh7 Bf4+ 44. Ke2 Rxh7 $16) 43... Bg3 (43... Rh2+ {might work better.} 44. Ke3 Re7 45. Nxe5 (45. R6xh7 Rh3+ 46. Kd2 Rh2+ 47. Kd1 Bg7 $14) 45... Rxe5+ 46. Kf3 Kc6 47. R8xh7 Rxb2) 44. R8xh7 {White is clearly winning.} Rxh7 45. Rxh7 Bxh4 {[%mdl 4096] Endgame KRB-KRN} 46. Ke2 Rh2+ 47. Kf3 Rh3+ 48. Kg4 Rxd3 49. Rxh4 Kc6 50. g6 Rd1 51. Kg5 {Accuracy: White = 67%, Black = 38%.} 1-0